Gestion financiére
Enregistré dans:
| Auteur principal: | |
|---|---|
| Format: | Livre |
| Langue: | français |
| Publié: |
[S.l.]
Nathan
1988
|
| Édition: | 3. éd. |
| Sujets: | |
| Tags: |
Pas de tags, Soyez le premier à ajouter un tag!
|
MARC
| LEADER | 00000nam a2200000 4500 | ||
|---|---|---|---|
| 001 | c001270 | ||
| 005 | 20250707091824.7 | ||
| 020 | |a 2-09-192113-2 | ||
| 041 | 0 | |a fre | |
| 044 | |a FR | ||
| 245 | 1 | 0 | |a Gestion financiére |c Bruno Solnik |
| 250 | |a 3. éd. | ||
| 264 | 1 | |a [S.l.] |b Nathan |c 1988 | |
| 300 | |a 186 s. | ||
| 610 | 2 | 0 | |a financie |
| 610 | 2 | 0 | |a hospodárenie finančné |
| 610 | 2 | 0 | |a financie podnikové |
| 610 | 2 | 0 | |a účtovníctvo |
| 610 | 2 | 0 | |a bilancie |
| 610 | 2 | 0 | |a rozbory činnosti hospodárskej |
| 610 | 2 | 0 | |a rentabilita |
| 610 | 2 | 0 | |a likvidita |
| 610 | 2 | 0 | |a diagnostikácia |
| 610 | 2 | 0 | |a faktory výrobné |
| 610 | 2 | 0 | |a zdroje finančné vlastné |
| 610 | 2 | 0 | |a zdroje finančné cudzie |
| 100 | 1 | |a Solnik, Bruno | |